Network performance analysis (Record no. 170835)
[ view plain ]
| 000 -LEADER | |
|---|---|
| fixed length control field | 01317nam a2200349 a 4500 |
| 082 04 - DEWEY DECIMAL CLASSIFICATION NUMBER | |
| Classification number | 621.382 |
| 100 1# - MAIN ENTRY--AUTHOR NAME | |
| Personal name | Bonald, Thomas. |
| 245 10 - TITLE STATEMENT | |
| Title | Network performance analysis |
| 260 ## - PUBLICATION, DISTRIBUTION, ETC. (IMPRINT) | |
| Place of publication | London : |
| Name of publisher | ISTE ; |
| Place of publication | Hoboken, N.J. : |
| Name of publisher | John Wiley, |
| Year of publication | 2011. |
| 300 ## - PHYSICAL DESCRIPTION | |
| Number of Pages | xii, 253 p. : |
| Other physical details | ill. |
| 650 #0 - SUBJECT ADDED ENTRY--TOPICAL TERM | |
| Topical Term | Computer networks |
| Topical Term | Network performance (Telecommunication) |
| Topical Term | Queuing theory. |
| 700 1# - ADDED ENTRY--PERSONAL NAME | |
| Personal name | Feuillet, Mathieu. |
| 856 40 - ELECTRONIC LOCATION AND ACCESS | |
| Uniform Resource Identifier | http://site.ebrary.com/lib/rucke/Doc?id=10660582 |
No items available.
